000 00489nam a22001937a 4500
003 MPLRDC
005 20220104192727.0
008 210129b ||||| |||| 00| 0 eng d
020 _a978-957-13-5759-1
082 _a848.2 LX v.8
100 _a刘轩
245 _a跳痛人生
_c
250 _a初版
260 _a台湾
_b时报文化出版企业股份有限公司
_c2013
300 _b
490 _a刘轩作品集: 1003
650 _a现代别集
942 _cBK
_o848.2 LX v.8
999 _c64848
_d64838